| 000 | 01129cam a2200349 i 4500 | ||
|---|---|---|---|
| 001 | 200443085 | ||
| 003 | TR-AnTOB | ||
| 005 | 20260102102526.0 | ||
| 007 | ta | ||
| 008 | 880825s2015 tu 000 1 tu d | ||
| 020 | _a9789755390772 | ||
| 040 |
_aORZ _beng _erda _cORZ _dTJC _dCQA _dOTC _dTR-AnTOB |
||
| 041 | 1 |
_atur _hfre |
|
| 050 | 1 | 4 |
_aPQ2603.E378 _bM8719 2015 |
| 090 |
_aPR2603.E378 _bM8719 2015 |
||
| 100 | 1 |
_aBeckett, Samuel, _d1906-1989 _eauthor _938619 |
|
| 240 | 1 | 0 |
_aMurphy. _fTurkish. |
| 245 | 1 | 0 |
_aMurphy / _cSamuel Beckett ; Fransızca ve İngilizceden çeviren Uğur Ün. |
| 250 | _a4. basım. | ||
| 264 | 1 |
_aİstanbul: _bAyrıntı Yayınları, _c2015. |
|
| 264 | 4 | _c[©1965] | |
| 300 |
_a192 pages ; _c23 cm |
||
| 336 |
_atext _btxt _2rdacontent |
||
| 337 |
_aunmediated _bn _2rdamedia |
||
| 338 |
_avolume _bnc _2rdacarrier |
||
| 490 | 0 |
_aAyrıntı; _v102 _aEdebiyat dizisi; _v35 |
|
| 650 | 0 |
_aFransız romanı _926627 |
|
| 655 | 7 |
_aFiction _2lcgft _0http://id.loc.gov/authorities/genreForms/gf2014026339 _9151487 |
|
| 700 | 1 |
_aÜn, Uğur _etranslator _938620 |
|
| 942 |
_2lcc _cBK |
||
| 999 |
_c200443085 _d61297 |
||